000 00517nam a22001937a 4500
003 MPLRDC
005 20220104123936.0
008 210129b ||||| |||| 00| 0 eng d
020 _a957-621-189-1
082 _a176.4 GAR c.2*
100 _aMARTIN GARDNER著; 薛美珍译
245 _a跳出思路的陷阱: 有趣的推理
_c
250 _a六印
260 _a
_b天下文化出版股份有限
_c1994
300 _b
490 _a天下文化. 知识系列;1
650 _a
942 _cBK
_o176.4 GAR c.2*
999 _c15403
_d15393